000 00523cam a2200145 4500500
005 20251228082924.0
041 _afre
042 _adc
100 1 0 _aKapp, Volker
_eauthor
245 0 0 _aRhétorique et romanistique : la trace française dans les travaux européens sur la rhétorique
260 _c2007.
500 _a63
786 0 _nDix-septième siècle | 236 | 3 | 2007-09-01 | p. 549-565 | 0012-4273
856 4 1 _uhttps://shs.cairn.info/revue-dix-septieme-siecle-2007-3-page-549?lang=fr&redirect-ssocas=7080
999 _c1600124
_d1600124